Every NFL Teams Most Recent Head Coach to Win Playoff Game - Statistics

General Stats
  • This quiz has been taken 26 times
  • The average score is 25 of 32
Answer Stats
Team Year Coach % Correct
KAN 2024 Andy Reid
100%
DET 2023 Dan Campbell
95%
BAL 2024 John Harbaugh
95%
SFF 2023 Kyle Shanahan
95%
GBP 2023 Matt LaFleur
95%
PHI 2024 Nick Siriani
95%
SEA 2019 Pete Carroll
95%
NEP 2018 Bill Belichick
90%
WAS 2024 Dan Quinn
90%
ATL 2017 Dan Quinn
90%
DAL 2022 Mike McCarthy
90%
PIT 2016 Mike Tomlin
90%
TEN 2019 Mike Vrabel
90%
LAR 2024 Sean McVay
90%
JAX 2022 Doug Pederson
86%
CLE 2020 Kevin Stefanski
86%
NYJ 2010 Rex Ryan
86%
BUF 2024 Sean McDermott
86%
NOS 2020 Sean Payton
86%
NYG 2022 Brian Daboll
81%
CAR 2015 Ron Rivera
76%
TBB 2023 Todd Bowles
76%
HOU 2024 DeMeco Ryans
71%
CHI 2011 Lovie Smith
71%
CIN 2022 Zac Taylor
71%
ARI 2015 Bruce Arians
67%
MIN 2019 Mike Zimmer
62%
DEN 2015 Gary Kubiak
57%
IND 2018 Frank Reich
48%
LAC 2018 Anthony Lynn
38%
LVR 2002 Bill Callahan
29%
MIA 2000 Dave Wannstedt
29%
No matching quizzes found
Score Distribution
Percent of People with Each Score
Percentile by Number Answered
Your Score History
You have not taken this quiz